000 00841cam a2200265 a 4500
999 _c43237
_d43237
001 1370299
005 20180913084132.0
008 810427s1982 nyua b 001 0 eng
010 _a 81007284
020 _a0024104000
040 _aDLC
_cDLC
_dDLC
100 1 _aSiegel, Ernest.
245 1 0 _aEducating the learning disabled /
_cErnest Siegel, Ruth F. Gold ; with contributions by David Levinsky, Joan Lange Bildman.
260 _aNew York :
_bMacmillan ;
_aLondon :
_bCollier Macmillan,
_cc1982.
300 _axiv, 384 p. :
_bill. ;
_c25 cm.
336 _atext
337 _aunmediated
338 _avolume
504 _aIncludes bibliographies and indexes.
650 0 _aLearning disabled children
_xEducation.
700 1 _aGold, Ruth F.
700 1 _aLevinsky, David.
700 1 _aBildman, Joan Lange.
942 _2lcc
_cBK